[Event "DEM U16 2008"]
[Site "Willingen GER"]
[Date "2008.05.17"]
[Round "9"]
[White "Schneider, Jens"]
[Black "Mazarov, Jürgen"]
[Result "0-1"]
[Termination "normal"]
[Board "6"]
[WhiteElo "1796"]
[BlackElo "2161"]
[PlyCount "166"]
[WhiteFideId "24685771"]
[BlackFideId "24617768"]
[EventCountry "GER"]
[EventRounds "9"]
[EventType "swiss"]
[EventDate "2008.05.10"]

1. e4 e5 2. Nf3 Nf6 3. Nxe5 d6 4. Nf3 Nxe4 5. Qe2 Qe7 6. d3 Nf6 7. Bg5 Qxe2+ 8.
Bxe2 Be7 9. Nc3 c6 10. O-O-O Na6 11. Ne4 Nxe4 12. dxe4 Nc5 13. Bxe7 Kxe7 14.
Rhe1 Rd8 15. Nd4 Be6 16. Nxe6 Nxe6 17. g3 Re8 18. Bf3 Rad8 19. Bg2 f6 20. Rd2
Kd7 21. c3 Kc7 22. Kc2 Nc5 23. Rde2 Re7 24. Kd2 Rde8 25. h4 a5 26. f3 Ra8 27.
Re3 Ree8 28. Ke2 b5 29. Kf2 Na4 30. R1e2 Nb6 31. b3 Nd7 32. f4 Ra6 33. Rd2 Nc5
34. Kf3 b4 35. cxb4 axb4 36. Bf1 Ra5 37. Bc4 Rea8 38. Ree2 Nd7 39. Rc2 R8a7 40.
Red2 Rc5 41. Be6 Rxc2 42. Rxc2 h6 43. Ke3 Nc5 44. Bc4 Kb6 45. Kd4 Re7 46. Re2
g5 47. hxg5 hxg5 48. fxg5 fxg5 49. Bd3 Rf7 50. Bc4 Rf3 51. Re3 Rf2 52. Re2 Rf1
53. Ke3 Rd1 54. Rc2 Rg1 55. Kf3 Nd7 56. Kf2 Rh1 57. Bf1 Ne5 58. Bg2 Rh7 59. Ke2
Ra7 60. Ke3 Kc7 61. Bf1 Kd7 62. Bh3+ g4 63. Bg2 Ke6 64. Rd2 Ra5 65. Kf4 Ra8 66.
Ke3 Rf8 67. Rd4 c5 68. Rd1 Ra8 69. Ra1 Ra3 70. Kf4 c4 71. bxc4 b3 72. Bf1 Rxa2
73. Rb1 Rf2+ 74. Ke3 Rf3+ 75. Kd2 Rxg3 76. Kc1 Rf3 77. Be2 Rf2 78. Bxg4+ Nxg4
79. Rxb3 Ne5 80. Rc3 Nd7 81. Kd1 Nc5 82. Re3 Ke5 83. Ke1 Ra2 0-1

[Event "DEM U16 2008"]
[Site "Willingen GER"]
[Date "2008.05.17"]
[Round "9"]
[White "Nuber, Blasius"]
[Black "Hirneise, Jens"]
[Result "1/2-1/2"]
[Termination "normal"]
[Board "7"]
[WhiteElo "2093"]
[BlackElo "2202"]
[PlyCount "79"]
[WhiteFideId "24620289"]
[BlackFideId "24614734"]
[EventCountry "GER"]
[EventRounds "9"]
[EventType "swiss"]
[EventDate "2008.05.10"]

1. e4 c5 2. c3 Nf6 3. e5 Nd5 4. d4 cxd4 5. cxd4 d6 6. Nf3 Nc6 7. Bc4 Nb6 8. Bb5
dxe5 9. Nxe5 Bd7 10. Nxd7 Qxd7 11. Nc3 e6 12. O-O Be7 13. Be3 O-O 14. Rc1 Rac8
15. Qd2 Rfd8 16. Rfd1 a6 17. Bxc6 Rxc6 18. Qd3 Rdc8 19. Ne4 Rxc1 20. Rxc1 Rxc1+
21. Bxc1 f5 22. Nc3 Bf6 23. Ne2 Qa4 24. a3 Nd5 25. b3 Qa5 26. Kf1 Be7 27. a4
Qc7 28. g3 Qc6 29. f3 Nb4 30. Qc3 Qxc3 31. Nxc3 Bf6 32. Ne2 Kf7 33. Bf4 Nc6 34.
Be3 Na5 35. Nc1 Nc6 36. Ne2 Ke7 37. Ke1 Kd6 38. Kd2 g5 39. g4 h6 40. h3 1/2-1/2

[Event "DEM U16 2008"]
[Site "Willingen GER"]
[Date "2008.05.17"]
[Round "9"]
[White "Jussupow, Alexander"]
[Black "Tiemann, Christoph"]
[Result "1/2-1/2"]
[Termination "normal"]
[Board "9"]
[WhiteElo "2040"]
[BlackElo "2077"]
[PlyCount "44"]
[WhiteFideId "24613509"]
[BlackFideId "24676900"]
[EventCountry "GER"]
[EventRounds "9"]
[EventType "swiss"]
[EventDate "2008.05.10"]

1. d4 Nf6 2. Nf3 e6 3. Bg5 h6 4. Bxf6 Qxf6 5. e4 d6 6. Nc3 g6 7. Qd2 Bg7 8. h4
a6 9. O-O-O b5 10. e5 Qe7 11. Ne4 Bb7 12. Bd3 Bxe4 13. Bxe4 d5 14. Bd3 c5 15.
c3 Nc6 16. Kb1 c4 17. Bc2 Kd7 18. g4 a5 19. Ne1 h5 20. gxh5 Rxh5 21. Ng2 b4 22.
Ba4 Rb8 1/2-1/2

[Event "DEM U16 2008"]
[Site "Willingen GER"]
[Date "2008.05.17"]
[Round "9"]
[White "Hobusch, Alexander"]
[Black "Müller, Denis"]
[Result "1/2-1/2"]
[Termination "normal"]
[Board "10"]
[WhiteElo "2034"]
[BlackElo "1915"]
[PlyCount "49"]
[WhiteFideId "24611387"]
[BlackFideId "4696140"]
[EventCountry "GER"]
[EventRounds "9"]
[EventType "swiss"]
[EventDate "2008.05.10"]

1. d4 Nf6 2. Nf3 g6 3. c4 Bg7 4. Nc3 O-O 5. e4 d6 6. Be2 e5 7. Be3 Na6 8. dxe5
dxe5 9. c5 c6 10. Bxa6 bxa6 11. Qxd8 Rxd8 12. Nxe5 Nxe4 13. Nxc6 Re8 14. Nxe4
Rxe4 15. O-O Bd7 16. Na5 Bxb2 17. Rab1 Bc3 18. Nb3 Ra4 19. Rbc1 Bb2 20. Rc2 Be5
21. Rd1 Bf5 22. Re2 Rc8 23. f3 h5 24. Rd5 Bg7 25. Rd1 1/2-1/2

[Event "DEM U16 2008"]
[Site "Willingen GER"]
[Date "2008.05.17"]
[Round "9"]
[White "Völsgen, Georg"]
[Black "Wolff, Christoph"]
[Result "1-0"]
[Termination "normal"]
[Board "13"]
[WhiteElo "1884"]
[BlackElo "1709"]
[PlyCount "121"]
[WhiteFideId "24635901"]
[BlackFideId "24659495"]
[EventCountry "GER"]
[EventRounds "9"]
[EventType "swiss"]
[EventDate "2008.05.10"]

1. d4 d5 2. c4 e6 3. Nc3 Nf6 4. Bg5 Be7 5. Nf3 c6 6. e3 Nbd7 7. Bd3 O-O 8. cxd5
exd5 9. O-O h6 10. Bh4 Ne4 11. Bxe7 Qxe7 12. Qc2 f5 13. Rab1 Nxc3 14. Qxc3 f4
15. Bc2 fxe3 16. Qxe3 Qxe3 17. fxe3 Nf6 18. Ne5 Be6 19. Bg6 Nd7 20. Nxd7 Rxf1+
21. Rxf1 Bxd7 22. Rf2 Be6 23. h3 Rd8 24. Kh2 Rd7 25. Kg3 Re7 26. b4 a6 27. Rf4
Bd7 28. Kf3 Be8 29. Bxe8 Rxe8 30. h4 g6 31. Rf6 Kg7 32. Rd6 Rf8+ 33. Kg3 Rf6
34. Rd7+ Rf7 35. Rd6 Rf6 36. Rxf6 Kxf6 37. Kf4 g5+ 38. hxg5+ hxg5+ 39. Kg4 Kg6
40. a4 b6 41. a5 b5 42. g3 Kh6 43. Kf3 Kh5 44. e4 dxe4+ 45. Kxe4 Kg4 46. Ke5
Kxg3 47. Kd6 Kf4 48. Kxc6 g4 49. d5 g3 50. d6 g2 51. d7 g1=Q 52. d8=Q Qg6+ 53.
Qd6+ Qxd6+ 54. Kxd6 Kf5 55. Kc6 Ke6 56. Kb6 Kd6 57. Kxa6 Kc6 58. Ka7 Kc7 59. a6
Kc6 60. Kb8 Kb6 61. a7 1-0

[Event "DEM U16 2008"]
[Site "Willingen GER"]
[Date "2008.05.17"]
[Round "9"]
[White "Eibl, Maximilian"]
[Black "Löhrke, Michael"]
[Result "1-0"]
[Termination "normal"]
[Board "14"]
[WhiteElo "2001"]
[BlackElo "1832"]
[PlyCount "29"]
[WhiteFideId "24620092"]
[EventCountry "GER"]
[EventRounds "9"]
[EventType "swiss"]
[EventDate "2008.05.10"]

1. e4 e6 2. d4 d5 3. Nc3 Bb4 4. e5 c5 5. a3 Bxc3+ 6. bxc3 Nc6 7. Bd3 Qa5 8. Bd2
Qa4 9. Qg4 g6 10. Ra2 cxd4 11. Nf3 Nge7 12. cxd4 Bd7 13. O-O O-O-O 14. Rb1 h6
15. Bb5 1-0

[Event "DEM U14 2008"]
[Site "Willingen GER"]
[Date "2008.05.11"]
[Round "1"]
[White "Kotainy, Jens"]
[Black "Kropman, Alexei"]
[Result "0-1"]
[Termination "normal"]
[Board "1"]
[WhiteElo "2112"]
[BlackElo "1920"]
[PlyCount "94"]
[WhiteFideId "24670499"]
[BlackFideId "24670723"]
[EventCountry "GER"]
[EventRounds "9"]
[EventType "swiss"]
[EventDate "2008.05.10"]

1. e4 e5 2. Nf3 Nc6 3. d4 exd4 4. Nxd4 Bc5 5. Be3 Qf6 6. Nb5 Bxe3 7. fxe3 Qh4+
8. g3 Qxe4 9. Nxc7+ Kd8 10. Nxa8 Nf6 11. Nd2 Qxh1 12. Qe2 d5 13. O-O-O Bg4 14.
Qb5 Bxd1 15. Qxb7 Nd7 16. Kxd1 Nce5 17. Nc7 Nc4 18. Qa8+ Kxc7 19. Qxh8 Nxd2 20.
Kxd2 Qxf1 21. Qxg7 Qf2+ 22. Kd1 Qf1+ 23. Kd2 Qf2+ 24. Kd1 Qf3+ 25. Kd2 Nc5 26.
Qe5+ Kd7 27. Kc3 Ne6 28. Kd2 Qf2+ 29. Kd1 Qg1+ 30. Kd2 Qxh2+ 31. Kc3 Qh1 32.
Qf5 Qe1+ 33. Kd3 Kd6 34. Qf6 Qd1+ 35. Kc3 Qe1+ 36. Kd3 Qxg3 37. Qf1 d4 38. Qxf7
Qxe3+ 39. Kc4 Qe2+ 40. Kb4 Qd2+ 41. Ka4 Qxc2+ 42. b3 Qxa2+ 43. Kb4 a5+ 44. Kb5
Qxb3+ 45. Kxa5 Qc3+ 46. Kb5 Nc7+ 47. Kb6 Qc6+ 0-1

[Event "DEM U14 2008"]
[Site "Willingen GER"]
[Date "2008.05.11"]
[Round "1"]
[White "Sarchisov, Slavik"]
[Black "Müller, Tobias"]
[Result "1-0"]
[Termination "normal"]
[Board "3"]
[WhiteElo "1982"]
[BlackElo "1605"]
[PlyCount "64"]
[WhiteFideId "24647888"]
[BlackFideId "24643394"]
[EventCountry "GER"]
[EventRounds "9"]
[EventType "swiss"]
[EventDate "2008.05.10"]

1. e4 c5 2. Nf3 d6 3. d4 cxd4 4. Nxd4 Nf6 5. Nc3 g6 6. Bc4 Bg7 7. O-O O-O 8.
Re1 a6 9. a4 b6 10. Nd5 Bb7 11. Nb3 Nbd7 12. g3 e6 13. Nc3 Nc5 14. Bd3 Nfd7 15.
Qe2 Ne5 16. Nd2 f5 17. exf5 gxf5 18. Ra3 f4 19. Nce4 f3 20. Qd1 Ncxd3 21. cxd3
d5 22. d4 Ng4 23. Rxf3 Rxf3 24. Qxf3 h5 25. Nc3 Bxd4 26. Rxe6 Bxf2+ 27. Kg2 Qd7
28. Rg6+ Kh8 29. Rg5 Qh7 30. h3 Qh6 31. Nf1 Rf8 32. Rxh5 Qxh5 1-0

[Event "DEM U14 2008"]
[Site "Willingen GER"]
[Date "2008.05.11"]
[Round "1"]
[White "Pauly, Carlo"]
[Black "Berchtenbreiter, Maximilian"]
[Result "1/2-1/2"]
[Termination "normal"]
[Board "4"]
[WhiteElo "1833"]
[BlackElo "2064"]
[PlyCount "92"]
[WhiteFideId "24673269"]
[BlackFideId "24641120"]
[EventCountry "GER"]
[EventRounds "9"]
[EventType "swiss"]
[EventDate "2008.05.10"]

1. d4 Nf6 2. c4 e6 3. Nc3 Bb4 4. Qc2 O-O 5. a3 Bxc3+ 6. Qxc3 b5 7. cxb5 c6 8.
f3 Nd5 9. Qd2 f5 10. e3 f4 11. e4 Ne3 12. Qf2 cxb5 13. Bxe3 fxe3 14. Qxe3 Nc6
15. Qc3 Qb6 16. Rd1 d5 17. Qc5 b4 18. Qxb6 axb6 19. Bb5 Na7 20. Ba4 bxa3 21.
bxa3 Bb7 22. Bd7 Bc8 23. Bxc8 Nxc8 24. exd5 exd5 25. Ra1 Nd6 26. Ne2 Nc4 27.
Kf2 Nxa3 28. Nc3 Rfd8 29. Ra2 Ra5 30. Rha1 Rda8 31. Nxd5 Rxd5 32. Rxa3 Rxa3 33.
Rxa3 Rxd4 34. Ra7 Rb4 35. Rb7 h5 36. h4 Rb2+ 37. Kg3 b5 38. Kf4 Kh7 39. g4 hxg4
40. fxg4 Kh6 41. Rb6+ Kh7 42. Kg5 b4 43. h5 b3 44. Rb7 Rc2 45. Rxb3 Rc5+ 46.
Kh4 Rc7 1/2-1/2

[Event "DEM U14 2008"]
[Site "Willingen GER"]
[Date "2008.05.11"]
[Round "1"]
[White "Neumair, Jerome"]
[Black "Schindlbeck, Tobias"]
[Result "1/2-1/2"]
[Termination "normal"]
[Board "5"]
[WhiteElo "1987"]
[BlackElo "1888"]
[PlyCount "68"]
[WhiteFideId "24672637"]
[BlackFideId "24615510"]
[EventCountry "GER"]
[EventRounds "9"]
[EventType "swiss"]
[EventDate "2008.05.10"]

1. Nf3 Nf6 2. c4 b6 3. g3 e6 4. Bg2 Bb7 5. Nc3 c5 6. O-O Be7 7. d4 d5 8. cxd5
exd5 9. Ne5 Nbd7 10. Bg5 h6 11. Bxf6 Bxf6 12. Nxd5 Bxe5 13. dxe5 Nxe5 14. Qa4+
Bc6 15. Qe4 Qxd5 16. Qxd5 Bxd5 17. Bxd5 Rd8 18. Rad1 Ke7 19. Rfe1 Rd6 20. f4
Rhd8 21. Bb3 Rxd1 22. Bxd1 Nc4 23. Bb3 Na5 24. Kf2 Nxb3 25. axb3 Rd4 26. Ra1 a5
27. Rc1 Kd6 28. Ke1 Kd5 29. Rc3 Kc6 30. e3 Rd5 31. g4 b5 32. Ke2 a4 33. bxa4
bxa4 34. h4 Kb5 1/2-1/2

[Event "DEM U14 2008"]
[Site "Willingen GER"]
[Date "2008.05.11"]
[Round "1"]
[White "Wendling, Florian"]
[Black "Hager, Joshua Aarash"]
[Result "1/2-1/2"]
[Termination "normal"]
[Board "6"]
[WhiteElo "1729"]
[BlackElo "2066"]
[PlyCount "132"]
[WhiteFideId "24640212"]
[BlackFideId "24642789"]
[EventCountry "GER"]
[EventRounds "9"]
[EventType "swiss"]
[EventDate "2008.05.10"]

1. e4 e5 2. Bc4 Nf6 3. d3 Nc6 4. Nf3 Be7 5. c3 O-O 6. O-O d6 7. Bb3 Kh8 8. Re1
Ng8 9. d4 Bg4 10. d5 Nb8 11. h3 Bxf3 12. Qxf3 Bg5 13. c4 Nd7 14. Nc3 g6 15. Bc2
f5 16. exf5 gxf5 17. Qh5 Bxc1 18. Raxc1 e4 19. f3 Ne5 20. fxe4 f4 21. Rf1 Qe7
22. Ne2 f3 23. gxf3 Nxc4 24. b3 Nd2 25. Rf2 Rxf3 26. Rxf3 Qg5+ 27. Qxg5 Nxf3+
28. Kg2 Nxg5 29. Bd3 Rc8 30. h4 Nf7 31. Nf4 Ne5 32. Be2 Nf6 33. Bf3 Kg8 34. Ne6
Ne8 35. Bh5 Ng7 36. Nxg7 Kxg7 37. Kg3 c5 38. dxc6 Rxc6 39. Rxc6 bxc6 40. Be2
Kf6 41. a3 Ng6 42. h5 Nf8 43. Kg4 h6 44. b4 Ke5 45. Kf3 Ne6 46. Ke3 Ng7 47. Bd1
Kf6 48. Kf4 Ne6+ 49. Ke3 Kg5 50. a4 Nf4 51. Kd4 Nxh5 52. e5 d5 53. Kc5 Nf4 54.
Kxc6 Kf5 55. Kd6 h5 56. Bxh5 Nxh5 57. Kxd5 Ng7 58. b5 Ne6 59. a5 Nc7+ 60. Kc6
Nxb5 61. Kxb5 Kxe5 62. Kc6 Ke6 63. Kb7 Kd7 64. Kxa7 Kc7 65. Ka8 Kc8 66. a6 Kc7
1/2-1/2

[Event "DEM U14 2008"]
[Site "Willingen GER"]
[Date "2008.05.11"]
[Round "1"]
[White "Dünzel, Jonas"]
[Black "Barzen, Pascal"]
[Result "1/2-1/2"]
[Termination "normal"]
[Board "7"]
[WhiteElo "1972"]
[BlackElo "1783"]
[PlyCount "85"]
[WhiteFideId "24631167"]
[BlackFideId "24653497"]
[EventCountry "GER"]
[EventRounds "9"]
[EventType "swiss"]
[EventDate "2008.05.10"]

1. e4 c6 2. d4 d5 3. Nc3 dxe4 4. Nxe4 Nf6 5. Nxf6+ gxf6 6. Nf3 Bf5 7. Bd3 Bg6
8. Qe2 e6 9. Bf4 Nd7 10. O-O-O a5 11. Rhe1 Nb6 12. c4 Rc8 13. h4 Bb4 14. Bd2
Qe7 15. Bxg6 hxg6 16. Kb1 Rd8 17. g4 Bxd2 18. Rxd2 Qb4 19. Rc2 a4 20. g5 a3 21.
b3 Na4 22. Qe3 f5 23. Rec1 Nb6 24. Qe5 Rh7 25. Rh1 Nd7 26. Qe2 Qd6 27. Rd2 Qf4
28. Re1 Kf8 29. d5 Nc5 30. dxe6 Rxd2 31. Nxd2 Nxe6 32. Nf3 Kg7 33. Qd3 Rh8 34.
Qc3+ Kh7 35. h5 Ng7 36. h6 Nh5 37. Re7 Rf8 38. c5 Qg4 39. Rxb7 Qe4+ 40. Ka1 Qd5
41. Nd2 Qg2 42. f4 Qf2 43. Qc4 1/2-1/2

[Event "DEM U14 2008"]
[Site "Willingen GER"]
[Date "2008.05.11"]
[Round "1"]
[White "Kügel, Tobias"]
[Black "Schreiner, Till"]
[Result "0-1"]
[Termination "normal"]
[Board "8"]
[WhiteElo "1894"]
[BlackElo "2041"]
[PlyCount "60"]
[WhiteFideId "4636295"]
[BlackFideId "24675555"]
[EventCountry "GER"]
[EventRounds "9"]
[EventType "swiss"]
[EventDate "2008.05.10"]

1. e4 c5 2. Nf3 d6 3. d4 cxd4 4. Qxd4 e5 5. Bb5+ Nd7 6. Qd3 h6 7. Nc3 Ngf6 8.
Be3 Be7 9. O-O-O O-O 10. Bxd7 Bxd7 11. Nd2 Bc6 12. f3 d5 13. exd5 Nxd5 14. Nxd5
Qxd5 15. Qxd5 Bxd5 16. Nb3 Be6 17. Kb1 Rfc8 18. Rhe1 Bf5 19. Re2 b6 20. g4 Bg6
21. f4 exf4 22. Bxf4 Bf6 23. Nd4 Rc4 24. Be3 Re8 25. Nf5 Bxf5 26. gxf5 Rce4 27.
Rde1 Bg5 28. Bxg5 Rxe2 29. Rxe2 Rxe2 30. c3 hxg5 0-1

[Event "DEM U14 2008"]
[Site "Willingen GER"]
[Date "2008.05.11"]
[Round "1"]
[White "Hampel, Felix"]
[Black "Mirke, Roy"]
[Result "0-1"]
[Termination "normal"]
[Board "9"]
[WhiteElo "1992"]
[BlackElo "1776"]
[PlyCount "70"]
[WhiteFideId "24668125"]
[BlackFideId "24647306"]
[EventCountry "GER"]
[EventRounds "9"]
[EventType "swiss"]
[EventDate "2008.05.10"]

1. e4 e6 2. d3 d5 3. Nd2 Nf6 4. Ngf3 c5 5. g3 Nc6 6. Bg2 Be7 7. O-O b6 8. Re1
Qc7 9. e5 Nd7 10. Qe2 Bb7 11. Nf1 O-O-O 12. c3 a5 13. d4 Rdg8 14. Be3 g5 15.
Reb1 h5 16. Ne1 g4 17. Nc2 Nf8 18. a3 Nh7 19. dxc5 bxc5 20. b4 Nxe5 21. bxa5
Nc4 22. Nd2 Nxa5 23. Bf4 Qd7 24. Rb5 Nc6 25. Rab1 Nd8 26. Nc4 dxc4 27. Bxb7+
Nxb7 28. Rxb7 Qxb7 29. Rxb7 Kxb7 30. Qxc4 Rd8 31. Qb5+ Ka7 32. Qa5+ Kb7 33.
Qc7+ Ka6 34. Qxe7 h4 35. Qxc5 Rd1+ 0-1

[Event "DEM U14 2008"]
[Site "Willingen GER"]
[Date "2008.05.11"]
[Round "1"]
[White "Elkmann, Janek"]
[Black "Mons, Leon"]
[Result "0-1"]
[Termination "normal"]
[Board "10"]
[WhiteElo "1750"]
[BlackElo "2063"]
[PlyCount "110"]
[WhiteFideId "24691925"]
[BlackFideId "4614950"]
[EventCountry "GER"]
[EventRounds "9"]
[EventType "swiss"]
[EventDate "2008.05.10"]

1. e4 e5 2. Nf3 Nc6 3. Bb5 a6 4. Ba4 Nf6 5. O-O b5 6. Bb3 Bc5 7. c3 d6 8. d4
Bb6 9. a4 Rb8 10. Na3 Bg4 11. axb5 axb5 12. Nxb5 O-O 13. Bc2 Bxf3 14. gxf3 Qd7
15. Kh1 d5 16. f4 Nxe4 17. f3 Nd6 18. Nxd6 cxd6 19. fxe5 dxe5 20. Ra4 exd4 21.
cxd4 Rfe8 22. Rg1 g6 23. f4 f5 24. Qd3 Re4 25. Qh3 Nxd4 26. Bxe4 dxe4 27. Ra1
Nf3 28. Rf1 Qd5 29. b4 Rc8 30. Ra6 Qb7 31. Ra2 Qd5 32. Ra6 Qb5 33. Ra2 Qc4 34.
Ra1 Bd4 35. Rb1 Qd3 36. Bb2 Rc2 37. Bxd4 Qxd4 38. Rfd1 Qf2 39. Rd8+ Kg7 40.
Rd7+ Kf6 41. Rf7+ Kxf7 42. Qxh7+ Ke6 43. Qxg6+ Kd5 44. Qxf5+ Kd4 45. Qd7+ Ke3
46. Rb3+ Ke2 47. Qb5+ Ke1 48. Rb1+ Kd2 49. Qd5+ Nd4 50. Qxe4 Kc3 51. Qe1+ Qxe1+
52. Rxe1 Kd3 53. Rd1+ Ke3 54. Re1+ Kxf4 55. Rf1+ Nf3 0-1

[Event "DEM U14 2008"]
[Site "Willingen GER"]
[Date "2008.05.11"]
[Round "1"]
[White "Bräuer, Franz"]
[Black "Pältz, Sebastian"]
[Result "1-0"]
[Termination "normal"]
[Board "11"]
[WhiteElo "1908"]
[BlackElo "1753"]
[PlyCount "97"]
[WhiteFideId "24634468"]
[BlackFideId "24648027"]
[EventCountry "GER"]
[EventRounds "9"]
[EventType "swiss"]
[EventDate "2008.05.10"]

1. e4 e5 2. Nf3 Nc6 3. Bb5 a6 4. Ba4 Nf6 5. Qe2 b5 6. Bb3 Bc5 7. c3 d6 8. d3
O-O 9. Bg5 h6 10. Bh4 Re8 11. Nbd2 Bb7 12. h3 Na5 13. Bc2 Bb6 14. Nh2 Bc8 15.
Ndf1 c6 16. Ne3 g5 17. Bg3 d5 18. Neg4 dxe4 19. dxe4 Nxg4 20. Nxg4 Bxg4 21.
Qxg4 Qf6 22. O-O Rad8 23. Rfd1 Nc4 24. b3 Nb2 25. Rxd8 Rxd8 26. Qe2 Ba5 27. Qe3
Qd6 28. Rb1 Qa3 29. Bxe5 Qxa2 30. Bf6 Nc4 31. bxc4 Qxc2 32. Rc1 Rd1+ 33. Rxd1
Qxd1+ 34. Kh2 Qd6+ 35. e5 Qc7 36. h4 bxc4 37. hxg5 hxg5 38. Qxg5+ Kf8 39. Qg7+
Ke8 40. Qg8+ Kd7 41. Qg4+ Ke8 42. Qg8+ Kd7 43. Qxf7+ Kc8 44. Qxc4 Qh7+ 45. Kg3
Qg6+ 46. Qg4+ Qxg4+ 47. Kxg4 Bxc3 48. Kf5 a5 49. e6 1-0

[Event "DEM U14 2008"]
[Site "Willingen GER"]
[Date "2008.05.11"]
[Round "1"]
[White "Wolf, Christoph"]
[Black "Braun, Georg"]
[Result "1-0"]
[Termination "normal"]
[Board "12"]
[WhiteElo "1636"]
[BlackElo "1931"]
[PlyCount "35"]
[WhiteFideId "24650633"]
[BlackFideId "24629383"]
[EventCountry "GER"]
[EventRounds "9"]
[EventType "swiss"]
[EventDate "2008.05.10"]

1. e4 c5 2. Nf3 d6 3. d4 cxd4 4. Nxd4 Nf6 5. Nc3 g6 6. f4 Bg7 7. e5 dxe5 8.
fxe5 Ng4 9. Bb5+ Kf8 10. Ne6+ fxe6 11. Qxd8+ Kf7 12. O-O+ Nf6 13. Qd3 a6 14.
exf6 Bxf6 15. Ba4 b5 16. Bb3 Nc6 17. Qe4 Bd7 18. Bg5 1-0

[Event "DEM U14 2008"]
[Site "Willingen GER"]
[Date "2008.05.11"]
[Round "1"]
[White "Tiemann, Tobias"]
[Black "Rublack, Valentin"]
[Result "1-0"]
[Termination "normal"]
[Board "13"]
[WhiteElo "1886"]
[BlackElo "1577"]
[PlyCount "93"]
[WhiteFideId "4642350"]
[BlackFideId "24657387"]
[EventCountry "GER"]
[EventRounds "9"]
[EventType "swiss"]
[EventDate "2008.05.10"]

1. e4 e5 2. Nf3 Nf6 3. Nxe5 d6 4. Nf3 Nxe4 5. Nc3 Nxc3 6. dxc3 Be7 7. Qd4 O-O
8. Be3 Nc6 9. Qf4 Be6 10. O-O-O Qd7 11. Be2 Bf6 12. Kb1 Ne7 13. Bd4 Nd5 14. Qd2
Rfe8 15. c4 Bxd4 16. cxd5 Bxf2 17. dxe6 Qxe6 18. Bd3 Qe3 19. Rhf1 Qxd2 20. Rxd2
Be3 21. Re2 Bf4 22. Rfe1 Kf8 23. g3 Bh6 24. Nd4 Rxe2 25. Rxe2 a6 26. Be4 Rb8
27. c3 g6 28. Kc2 Bg7 29. Nf3 Bh8 30. Rf2 Bf6 31. Nd2 Bg7 32. Bd5 f6 33. Ne4
Ke7 34. Ng5 c6 35. Re2+ Kd7 36. Be6+ Kc7 37. Bb3 fxg5 38. Re7+ Kb6 39. Rxg7 Re8
40. Kd2 Rf8 41. Rf7 Rxf7 42. Bxf7 d5 43. Bg8 h6 44. Bf7 Kc5 45. Kd3 b5 46. b4+
Kd6 47. Kd4 1-0

[Event "DEM U14 2008"]
[Site "Willingen GER"]
[Date "2008.05.11"]
[Round "1"]
[White "Purgahn, Robin"]
[Black "Titgemeyer, Sven"]
[Result "0-1"]
[Termination "normal"]
[Board "14"]
[WhiteElo "1219"]
[BlackElo "1930"]
[PlyCount "40"]
[BlackFideId "24676934"]
[EventCountry "GER"]
[EventRounds "9"]
[EventType "swiss"]
[EventDate "2008.05.10"]

1. d4 d5 2. e4 dxe4 3. Nc3 Nf6 4. Bg5 Bf5 5. Bb5+ c6 6. Bc4 Nd5 7. Nce2 Qb6 8.
Bb3 Nd7 9. Ng3 Bg6 10. c3 h6 11. Bd2 e5 12. dxe5 Nxe5 13. Qe2 Nd3+ 14. Kf1
O-O-O 15. Rb1 Nxf2 16. Qxf2 e3 17. Bxe3 Nxe3+ 18. Ke2 Bd3+ 19. Kf3 Bxb1 20.
Qxe3 Rd3 0-1

[Event "DEM U14 2008"]
[Site "Willingen GER"]
[Date "2008.05.11"]
[Round "2"]
[White "Kaphle, Sebastian"]
[Black "Tiemann, Tobias"]
[Result "1/2-1/2"]
[Termination "normal"]
[Board "1"]
[WhiteElo "2113"]
[BlackElo "1886"]
[PlyCount "99"]
[WhiteFideId "24626708"]
[BlackFideId "4642350"]
[EventCountry "GER"]
[EventRounds "9"]
[EventType "swiss"]
[EventDate "2008.05.10"]

1. e4 c5 2. Nf3 e6 3. d4 cxd4 4. Nxd4 Nc6 5. Nc3 Qc7 6. Be3 a6 7. Bd3 Nf6 8.
O-O Nxd4 9. Bxd4 Bc5 10. Bxc5 Qxc5 11. Qf3 O-O 12. Rfe1 d6 13. Kh1 Qc7 14. Rad1
b5 15. Qg3 e5 16. a3 Bb7 17. Bf1 Rad8 18. Rd2 Rfe8 19. Qf3 Qc6 20. Bd3 Qc5 21.
Red1 Re7 22. h3 Red7 23. Qe2 Qc7 24. Kg1 Kh8 25. Qe3 Qc5 26. Qe1 Qc7 27. g3 Qc5
28. Bf1 Rc7 29. Bg2 h6 30. Kh2 b4 31. axb4 Qxb4 32. Rb1 Rc4 33. Nd5 Nxd5 34.
exd5 f5 35. c3 Qb6 36. Qe2 Rc7 37. c4 Qb3 38. Rc2 Rdc8 39. Rbc1 a5 40. Rc3 Qb6
41. b3 Rc5 42. g4 f4 43. Be4 Qd8 44. R1c2 Rb8 45. Qf3 Qf6 46. Rc1 g6 47. Rg1
Qg5 48. Kg2 Kg7 49. Rh1 Bc8 50. Qe2 1/2-1/2

[Event "DEM U14 2008"]
[Site "Willingen GER"]
[Date "2008.05.11"]
[Round "2"]
[White "Titgemeyer, Sven"]
[Black "Sarchisov, Slavik"]
[Result "0-1"]
[Termination "normal"]
[Board "2"]
[WhiteElo "1930"]
[BlackElo "1982"]
[PlyCount "108"]
[WhiteFideId "24676934"]
[BlackFideId "24647888"]
[EventCountry "GER"]
[EventRounds "9"]
[EventType "swiss"]
[EventDate "2008.05.10"]

1. e4 c5 2. Nf3 d6 3. d4 cxd4 4. Nxd4 Nf6 5. Nc3 a6 6. Bg5 e6 7. f4 h6 8. Bxf6
Qxf6 9. Qd2 g5 10. fxg5 hxg5 11. O-O-O Be7 12. Nf5 Qe5 13. Nxd6+ Bxd6 14. Qxd6
Qxd6 15. Rxd6 Ke7 16. Rd2 Nd7 17. Bd3 b5 18. h3 Bb7 19. Rf1 Ne5 20. Ne2 Rh4 21.
Ng3 g4 22. hxg4 Rxg4 23. Nh5 Bxe4 24. Bxe4 Rxe4 25. Nf6 Re3 26. Nh5 f5 27. Nf4
Rh8 28. Nd3 Nxd3+ 29. Rxd3 Rxd3 30. cxd3 Rg8 31. Rf2 Kd6 32. Kd2 Rg3 33. Kc3
Kc5 34. a3 Rg4 35. Rc2 Kd5 36. Re2 a5 37. b4 a4 38. Rf2 Rh4 39. Rf3 Rh2 40. Rg3
Rh4 41. Rg8 Rh2 42. Rg7 Rh1 43. Rb7 Rc1+ 44. Kb2 Rg1 45. Rxb5+ Kd4 46. Rc5
Rxg2+ 47. Rc2 Rg7 48. Rc6 Re7 49. Kc2 Ke3 50. Rc4 e5 51. b5 e4 52. dxe4 f4 53.
Kd1 Rd7+ 54. Ke1 Rd3 0-1

[Event "DEM U14 2008"]
[Site "Willingen GER"]
[Date "2008.05.11"]
[Round "2"]
[White "Schreiner, Till"]
[Black "Kropman, Alexei"]
[Result "1-0"]
[Termination "normal"]
[Board "3"]
[WhiteElo "2041"]
[BlackElo "1920"]
[PlyCount "55"]
[WhiteFideId "24675555"]
[BlackFideId "24670723"]
[EventCountry "GER"]
[EventRounds "9"]
[EventType "swiss"]
[EventDate "2008.05.10"]

1. d4 d5 2. c4 e6 3. Nc3 Nf6 4. cxd5 exd5 5. Bg5 Nbd7 6. e3 Be7 7. Bd3 O-O 8.
Qc2 c6 9. Nf3 Re8 10. O-O Nf8 11. h3 Ne4 12. Bf4 f5 13. Ne5 Nd7 14. f3 Nxe5 15.
Bxe5 Nxc3 16. bxc3 Rf8 17. e4 g6 18. c4 Be6 19. Rab1 Bf6 20. exf5 Bxe5 21. dxe5
dxc4 22. fxe6 cxd3 23. Qc4 Qe7 24. Qxd3 Qxe6 25. Rxb7 Qxe5 26. Qd7 Qe3+ 27. Kh1
Qh6 28. Rd1 1-0